00820 2200313 4500001002100000005001500021007000300036008004100039020002200080035002000102040001700122041000800139082001000147084001600157090002200173100002700195245003600222250001200258264003900270300002900309336002100338337003000359338002300389500004200412650001000454850001000464990001600474990001600490INLIS00000000000857320260519080018ta260519 0  a978-979-1477-68-0 a0010-0922001062 aSBPUPADbind aind a746.6 a746.6 BIL p a746.6 BIL p 23-100 aBiliq RatnaePengarang1 aPadu Padan Batik /cBiliq Ratna a.-cet.1 a.--Jakarta :bKriya Pustaka,c2009 a60 hlm :bilus. ;c26 cm 2rdacontentateks 2rdamediaatanpa perantara 2rdacarrieravolume aIndeks,hlm 56 ;Tentang Penulis,hlm 58 4aBatik aPUPAD a1222/B/2013 a1223/B/2013